000 00672nam a2200217 a 4500
001 70042
003 BD-RjUL
005 20211209081946.0
008 170415s1964 paua b 000 0 eng
035 _a(BD-RjUL)70254
040 _aDLC
_cOKentU
_dInU-D
_dOCoLC
_dPPiU
_dDNLM
_dDLC
_dBD-RjUL
_beng
041 _aeng
082 _223
_a519.5
_bSHS 1964
100 1 _aShindell, Sidney.
_9207444
245 1 0 _aStatistics, science and sense /
_cby Sidney Shindell.
260 _aPittsburgh :
_bUniversity of Pittsburgh Press,
_c1964.
300 _axi, 63 p. :
_bill. ;
_c23 cm.
504 _aIncludes bibliographical references.
650 0 _aStatistics.
_9207445
942 _2ddc
_cBK
999 _c70042
_d70042